000 01556nam a22001577a 4500
999 _c515363
_d515363
008 210122b ||||| |||| 00| 0 eng d
100 _aMoehling, C.M and Thomasson, Melissa A.
_923693
245 _aVotes for women: An economic perspective on women's enfranchisement
260 _aThe Journal of Economic Perspectives
300 _a34(2), Spring, 2020: p.3-23
520 _aThe ratification of the Nineteenth Amendment in 1920 officially granted voting rights to women across the United States. However, many states extended full or partial suffrage to women before the federal amendment. In this paper, we discuss the history of women's enfranchisement using an economic lens. We examine the demand side, discussing the rise of the women's movement and its alliances with other social movements, and describe how suffragists put pressure on legislators. On the supply side, we draw from theoretical models of suffrage extension to explain why men shared the right to vote with women. Finally, we review empirical studies that attempt to distinguish between competing explanations. We find that no single theory can explain women's suffrage in the United States and note that while the Nineteenth Amendment extended the franchise to women, state-level barriers to voting limited the ability of black women to exercise that right until the Voting Rights Act of 1965. – Reproduced
650 _aTravel distances, Transport, Urban amenities
_923694
773 _aThe Journal of Economic Perspectives
906 _aURBAN DENSITY
942 _cAR